| 000 | 00348nam a2200133Ia 4500 | ||
|---|---|---|---|
| 005 | 20251222154308.0 | ||
| 008 | 251222s9999||||xx |||||||||||||| ||spa|| | ||
| 020 | _a978-607-32-0577-1 | ||
| 082 | _a003.3/K41/2011 | ||
| 100 | _a"Kendall, Kenneth E.Kendall, Julie E." | ||
| 245 | 0 | _aAnálisis y diseño de sistemas | |
| 250 | _a8a.ed. | ||
| 942 | _cLIB | ||
| 999 |
_c33288 _d33288 |
||